| 000 | 00793nam a2200217Ii 4500 | ||
|---|---|---|---|
| 003 | JO-AjNU | ||
| 008 | 230605s9999||||xx |||||||||||||| ||und|| | ||
| 017 | _a1256/1980 | ||
| 040 |
_aJO-AjNU _bara _erda _cJO-AjNU |
||
| 041 | _aara | ||
| 050 | 1 | 4 | _aNK1011.A9 1980 |
| 100 | 3 |
_aحمودي الاعضمي، خالد خليل تأليف, _eauthor _948950 |
|
| 245 | 0 | 0 | _aالزخارف الجدارية في آثار بغداد |
| 264 | 3 | 1 | _aبغداد:دار الرشيد للنشر ,1980 |
| 300 |
_a192ص _b رسومات توضيحية |
||
| 336 |
_atext _btxt _2rdacontent |
||
| 337 |
_aunmediated _bn _2rdamedia |
||
| 338 |
_avolume _bnc _2rdacarrier |
||
| 490 | 0 | _aسلسلة الكتب الفنية(42) | |
| 650 | 4 |
_aآثار-زخارف-آثار بغداد-زخارف جدارية _948951 |
|
| 999 |
_aA21470 _c25038 _d25038 |
||